|
|
|
|
| LEADER |
01092nab a2200169 i 4500 |
| 001 |
univ70322 |
| 005 |
20240516115913.0 |
| 008 |
240516s2024 hu o 000 hun d |
| 040 |
|
|
|a SZTE UnivHistória Repozitórium
|b hun
|
| 041 |
|
|
|a hun
|
| 100 |
1 |
|
|a Farkas Judit
|
| 245 |
1 |
0 |
|a Performansz, könyvbemutató, konferencia és tervezői vásár
|h [elektronikus dokumentum] :
|b jön a negyedik dizájn- és művészetmenedzsment fesztivál /
|c Farkas Judit
|
| 260 |
|
|
|c 2024-05-15
|
| 490 |
0 |
|
|a Szeged.hu
|
| 561 |
|
|
|a Egyetemi hirarchívum
|
| 695 |
|
|
|a Rendezvény - Design- és Művészetmenedzsment Fesztivál - 4., Belsőépítészet - látványtervezés - díszlettervezés, Egyetemi hallgatók - design- és művészetmenedzsment mesterszak, Bölcsészet- és Társadalomtudományi Kar - BTK, Grand Café
|
| 856 |
4 |
0 |
|u http://univ.bibl.u-szeged.hu/70322/1/Szeged.hu%20-%20Performansz%2C%20k%C3%B6nyvbemutat%C3%B3%2C%20konferencia%20%C3%A9s%20tervez%C5%91i%C2%A0%20v%C3%A1s%C3%A1r_%20j%C3%B6n%20a%20negyedik%20diz%C3%A1jn-%20%C3%A9s%20m%C5%B1v%C3%A9szetmenedzsment%20fesztiv%C3%A1l.pdf
|z Dokumentum-elérés
|